00344nam a2200121Ia 4500008004100000082001400041100002400055245003700079260002600116365000600142630003700148730003700185100415s9999 xx 000 0 und d b7506a770 aHosking Eric (ed.) aMasterpieces of Bird Photography aLONDONc1947bCOLLINS b0 aMasterpieces of Bird Photography aMasterpieces of Bird Photography